Statistics for gold rush lyrics

Click here to take the quiz!

General Stats

  • This quiz has been taken 119 times
  • The average score is 313 of 344

Answer Stats

Lyrics% Correct
a
100%
be
100%
don't
100%
gold
100%
I
100%
in
100%
it
100%
lik
100%
like
100%
rush,
100%
rush
100%
to
100%
you
100%
you,
100%
your
100%
my
98%
My
98%
on
98%
that
98%
What
98%
what
98%
but
97%
But
97%
love
97%
wants
97%
Everybody
95%
feel
95%
never
95%
so
95%
the
95%
touch
95%
would
95%
beautiful?
93%
call
93%
dominos
93%
grow
93%
hair
93%
into
93%
out
93%
see
93%
shit
93%
up
93%
With
93%
with
93%
At
92%
dinner
92%
falling
92%
flush
92%
wonders
92%
almost
90%
And
90%
anyone
90%
as
90%
jump
90%
past,
90%
place
90%
red
90%
die
88%
face
88%
inviting,
88%
must
88%
parties,
88%
ships
88%
folklore
86%
quick
86%
Walk
86%
brush
85%
'cause
85%
'Cause
85%
me
85%
pure
85%
crush
83%
waters
83%
bone
81%
sinking
81%
town
81%
anticipating
80%
can't
80%
day
80%
double
80%
fades
80%
feels
80%
hanging
80%
'til
80%
turns
80%
vision
80%
we
80%
anymore
78%
contrarian
78%
eyes
78%
mind
78%
old
78%
rose
78%
will
78%
wooden
78%
'cross
76%
door
76%
dream
76%
Eagles
76%
flying
76%
from
76%
Gleaming,
76%
gray
76%
life
76%
of
76%
t-shirt
76%
twinkling
76%
about
75%
blush
75%
tea
75%
could
71%
floors
71%
know
71%
seen
71%
coastal
69%
dare
69%
motion
69%
then
68%
padding
66%
slow
66%
'round
64%
had
59%
found
53%
won't
44%
wondered
32%

Score Distribution

Percentile by Number Answered

Percent of People with Each Score

Your Score History

You have not taken this quiz